Logo BPK

Biblioteka

Politechniki Koszalińskiej

Kulturowe i ekonomiczne aspekty procesów transformacji w Europie Środkowo-Wschodniej / (Rekord nr 52694)

Szczegóły MARC
000 -ETYKIETA REKORDU
podpole kontrolne o stałej długości 01149nam a2200265 i 4500
001 - NUMER KONTROLNY REKORDU
pole kontrolne bg
040 ## - ŹRÓDŁO KATALOGOWANIA
Instytucja, która utworzyła rekord BPK
041 w# - KOD JĘZYKA
Kod języka tekstu polrus
080 ## - UNIWERSALNA KLASYFIKACJA DZIESIĘTNA - UKD
UKD 338.2:316.422:316.7](4-191.2-11)"1989/..."
008 - POLE O STAŁEJ DŁUGOŚCI - DANE KONTROLNE
podpole kontrolne o stałej długości s pl f |000 0 pol
245 00 - TYTUŁ/ODPOWIEDZIALNOŚĆ
Tytuł Kulturowe i ekonomiczne aspekty procesów transformacji w Europie Środkowo-Wschodniej /
Pozostałe elementy strefy tytułu i oznaczenia odpowiedzialności pod red. Zofii Tomczonek, Tadeusza W. Popławskiego.
260 ## - STREFA ADRESU WYDAWNICZEGO
Miejsce wydania Białystok :
Nazwa wydawcy/dystrybutora Wydawnictwo Politechniki Białostockiej,
Data publikacji, dystrybucji/powstania dokumentu 2005.
300 ## - STREFA OPISU FIZYCZNEGO
Objętość 218 s. ;
Rozmiary 24 cm.
490 1# - STREFA SERII I DOKUMENTU WIELOCZĘŚCIOWEGO - FORMA NIE DO WYSZUKIWANIA
Tytuł i oznaczenie odpowiedzialności serii Rozprawy Naukowe / Politechnika Białostocka,
ISSN 0867-096X ;
Numeracja w obrębie serii nr 126
500 ## - UWAGI OGÓLNE
Tekst uwagi Tekst. częś. ros. - Streszcz. ang. przy pracach.
504 ## - UWAGA DOTYCZĄCA BIBLIOGRAFII
Informacje o bibliografii Bibliogr. przy pracach.
650 #9 - HASŁO PRZEDMIOTOWE W FORMIE NAZWY OGÓLNEJ LUB JEDNOSTKOWEJ
Nazwa ogólna lub geograficzna Transformacja systemu społeczno-gospodarczego
Określnik geograficzny Europa Środkowo-Wschodnia
651 #9 - HASŁO PRZEDMIOTOWE W FORMIE NAZWY GEOGRAFICZNEJ
Nazwa geograficzna Europa Środkowo-Wschodnia
Określnik ogólny gospodarka
Określnik chronologiczny od 1989 r.
651 #9 - HASŁO PRZEDMIOTOWE W FORMIE NAZWY GEOGRAFICZNEJ
Nazwa geograficzna Europa Środkowo-Wschodnia
Określnik ogólny socjologia
Określnik chronologiczny od 1989 r.
651 #9 - HASŁO PRZEDMIOTOWE W FORMIE NAZWY GEOGRAFICZNEJ
Nazwa geograficzna Europa Środkowo-Wschodnia
Określnik ogólny kultura
Określnik chronologiczny od 1989 r.
700 1# - HASŁO DODATKOWE - NAZWA OSOBOWA
Nazwa osobowa TOMCZONEK, Zofia.
Określenie związku między hasłem a opisywanym materiałem Red.
700 1# - HASŁO DODATKOWE - NAZWA OSOBOWA
Nazwa osobowa POPŁAWSKI, Tadeusz W.
Określenie związku między hasłem a opisywanym materiałem Red.
830 #0 - HASŁO DODATKOWE SERII LUB DOKUMENTU WIELOCZĘŚCIOWEGO - TYTUŁ UJEDNOLICONY
Tytuł ujednolicony Rozprawy Naukowe (Politechnika Białostocka) ;
Oznaczenie tomu nr 126
856 ## - LOKALIZACJA I DOSTĘP DO ELEKTRONICZNYCH DOKUMENTÓW ZDALNYCH
Link (URL) http://koha.tu.koszalin.pl/cgi-bin/koha/opac-detail.pl?biblionumber=52694
Tekst linku Katalog online BPK
942 ## - DODATKOWE ELEMENTY (KOHA)
Typ dokumentu Książka
Egzemplarze
Wycofany Status egzemplarza Uszkodzony Dostępność Lokalizacja stała Lokalizacja bieżąca Miejsce przechowywania Sygnatura Kod kreskowy Dział Typ dokumentu
      Tylko na miejscu Biblioteka Politechniki Koszalińskiej Biblioteka Politechniki Koszalińskiej Czytelnia Wydziałowa ul. Kwiatkowskiego 6e 81491 02344850 338.2 Polityka gospodarcza Książka
© 2023 Biblioteka Politechniki Koszalińskiej :: KOHA